The positive family. (Record no. 14660)

000 -LEADER
fixed length control field 00578nam a2200205 a 4500
001 - CONTROL NUMBER
control field :::00012493$&:&@@
003 - CONTROL NUMBER IDENTIFIER
control field OkBaRHE
005 - DATE AND TIME OF LATEST TRANSACTION
control field 20100402121813.0
008 - FIXED-LENGTH DATA ELEMENTS--GENERAL INFORMATION
fixed length control field s1982 j 000 0 eng u
020 ## - INTERNATIONAL STANDARD BOOK NUMBER
International Standard Book Number 0385170769
040 ## - CATALOGING SOURCE
Transcribing agency
100 1# - MAIN ENTRY--PERSONAL NAME
Personal name Schuller, Arvella.
245 14 - TITLE STATEMENT
Title The positive family.
250 ## - EDITION STATEMENT
Edition statement 1st ed.
260 ## - PUBLICATION, DISTRIBUTION, ETC. (IMPRINT)
Place of publication, distribution, etc Garden City, NY., :
Name of publisher, distributor, etc Doubleday
Date of publication, distribution, etc 1982
300 ## - PHYSICAL DESCRIPTION
Extent 137 p. ;
Dimensions 22 cm.
650 ## - SUBJECT ADDED ENTRY--TOPICAL TERM
Topical term or geographic name as entry element Family
942 ## - ADDED ENTRY ELEMENTS (KOHA)
Source of classification or shelving scheme
Koha item type Books
Copies
Withdrawn status Lost status Copy number Damaged status Date acquired Price effective from Source of classification or shelving scheme Barcode Full call number Date last seen Permanent Location Koha item type Not for loan Shelving location
  1 2010-04-142010-04-14 12493HQ 734 .S413 19822010-04-14RHEMA Bible Training CollegeBooks General Stacks